The treasure seekers / (Record no. 30365)

MARC details
000 -LEADER
fixed length control field 00708nam a22002417a 4500
005 - DATE AND TIME OF LATEST TRANSACTION
control field 20180726135410.0
008 - FIXED-LENGTH DATA ELEMENTS--GENERAL INFORMATION
fixed length control field 090912t xxu||||| |||| 00| 0 eng d
010 ## - LCCN (DPL NO)
LC control number B-358116 ,B-35940
020 ## - INTERNATIONAL STANDARD BOOK NUMBER
Terms of availability 150.00
035 ## - SYSTEM CONTROL NUMBER
System control number B-358116
037 ## - SOURCE OF ACQUISITION
Source of stock number/acquisition DBAD / PUB
040 ## - CATALOGING SOURCE
Original cataloging agency dpl
Language of cataloging English
082 ## - DEWEY DECIMAL CLASSIFICATION NUMBER
Classification number N
100 ## - MAIN ENTRY--PERSONAL NAME
Personal name Nesbit, E.
245 ## - TITLE STATEMENT
Title The treasure seekers /
Statement of responsibility, etc by E. Nesbit; edited & compiled by Reema Prashar
260 ## - PUBLICATION, DISTRIBUTION, ETC. (IMPRINT)
Place of publication, distribution, etc Delhi
Name of publisher, distributor, etc Navyug Sahitya
Date of publication, distribution, etc 2007
270 ## - ADDRESS
Address F-23B, Vijay Nagar,
City Delhi
Postal code 110009
300 ## - PHYSICAL DESCRIPTION
Extent 167p.:
Other physical details ill.
Dimensions 23cm(Hb)
490 ## - SERIES STATEMENT
Series statement Sliver bell children classics
650 ## - SUBJECT ADDED ENTRY--TOPICAL TERM
Topical term or geographic name as entry element Children's stories, English
700 ## - ADDED ENTRY--PERSONAL NAME
Personal name Prashar, Reema
942 ## - ADDED ENTRY ELEMENTS (KOHA)
Source of classification or shelving scheme Dewey Decimal Classification
Item type Children Books
Classification part N
Call number suffix NES
Holdings
Withdrawn status Lost status Source of classification or shelving scheme Damaged status Not for loan Collection code Home library Current library Date acquired Source of acquisition Cost, normal purchase price Total Checkouts Full call number Barcode Date last seen Copy number Cost, replacement price Koha item type
    Dewey Decimal Classification     Fiction Janak Puri Janak Puri 12/09/2009 DBAD / PUB 150.00 5 N NES B-358116 23/10/2013 1 150.00 Children Books
    Dewey Decimal Classification     Fiction Shahdara Branch Shahdara Branch 28/07/2018 BPPD/PUB 150.00   N NES B-035940 28/07/2018   150.00 Children Books

© Delhi Public Library
Hit Counter
free hit counter